Statystyki dla Zagubieni ,,Lost'' - Postacie po zdjęciach

Kliknij tutaj aby rozwiązać quiz!

Ogólne statystyki

  • Ten quiz został rozwiązany 51 razy
  • Średni wynik to 19 z 33

Statystyki odpowiedzi

Odpowiedź% Poprawnych
John Locke
91%
Charlie Pace
89%
Jack Shephard
89%
Kate Austen
89%
Desmond Hume
86%
James Ford
86%
Jin-Soo Kwon
77%
Sayid Jarrah
77%
Michael Dawson
73%
Hugo "Hurley" Reyes
68%
Sun-Hwa Kwon
68%
Claire Littleton
64%
Daniel Faraday
64%
Mr. Eko
64%
Walter "Walt"Lloyd
57%
Penelope "Penny" Hume
52%
Shannon Rutherford
52%
Rose Nadler
50%
Juliet Burke
48%
Ana Lucia Cortez
45%
Benjamin Linus
45%
Danielle Rousseau
45%
Richard Alpert
45%
Boone Carlyle
43%
Elizabeth "Libby" Smith
43%
Ethan Rom
43%
Vincent
43%
Charlotte Lewis
36%
Charles Widmore
34%
Bernard Nadler
32%
Tom Friendly
32%
Frank Lapidus
27%
Miles Straume
27%

Rozkład punktacji

Percentyl według liczby udzielonych odpowiedzi

Procent ludzi z każdym wynikiem

Twoja historia wyników

Nie rozwiązałeś tego quizu